Clifford, the big red dog/ (Record no. 2913)

MARC details
000 -LEADER
fixed length control field 00897cam a22002651 4500
005 - DATE AND TIME OF LATEST TRANSACTION
control field 20250502085505.0
020 ## - INTERNATIONAL STANDARD BOOK NUMBER
International Standard Book Number 9780545215787
040 ## - CATALOGING SOURCE
Original cataloging agency DLC
Transcribing agency TxViHU
Modifying agency DLC
Language of cataloging eng
050 00 - LIBRARY OF CONGRESS CALL NUMBER
Classification number PZ7.B7633
082 ## - DEWEY DECIMAL CLASSIFICATION NUMBER
Classification number 813.54
100 1# - MAIN ENTRY--PERSONAL NAME
Personal name Bridwell, Norman
245 10 - TITLE STATEMENT
Title Clifford, the big red dog/
Statement of responsibility, etc. Story and pictures by Norman Bridwell.
250 ## - EDITION STATEMENT
Edition statement This edition first printing, May 2010
260 ## - PUBLICATION, DISTRIBUTION, ETC.
Place of publication, distribution, etc. New York :
Name of publisher, distributor, etc. Scholastic ,
Date of publication, distribution, etc. 1963
300 ## - PHYSICAL DESCRIPTION
Extent 29 unnumbered pages :
Other physical details color illustrations ;
Dimensions 21 cm.
490 ## - SERIES STATEMENT
Series statement Clifford the Big Red Dog (1)
505 ## - FORMATTED CONTENTS NOTE
Formatted contents note G <br/>
520 ## - SUMMARY, ETC.
Summary, etc. Emily Elizabeth describes the activities she enjoys with her very big, very red dog and how they take care of each other.
521 ## - TARGET AUDIENCE NOTE
Target audience note 360 <br/>
Source Lexile <br/>
521 ## - TARGET AUDIENCE NOTE
Target audience note G <br/>
Source Raz-Plus <br/>
650 ## - SUBJECT ADDED ENTRY--TOPICAL TERM
Topical term or geographic name entry element clifford
Form subdivision fiction
906 ## - LOCAL DATA ELEMENT F, LDF (RLIN)
a 7
b cbc
c oclcrpl
d u
e ncip
f 19
g y-gencatlg
942 ## - ADDED ENTRY ELEMENTS (KOHA)
Source of classification or shelving scheme Dewey Decimal Classification
Koha item type Books
Suppress in OPAC No
999 ## -
-- 2913
-- 2913
Holdings
Withdrawn status Lost status Source of classification or shelving scheme Damaged status Not for loan Collection Home library Current library Shelving location Date acquired Total Checkouts Full call number Barcode Date last seen Date last checked out Copy number Price effective from Koha item type
    Dewey Decimal Classification     Juvenile Fiction Footprints International School Library Network Toul Kork Campus Footprints International School Library Network Toul Kork Campus TK Primary Library Room(4th Floor), Bookcase 7, Shelves 57-60, Dark Green Books 11/04/2024 1 BRI 813.54 PZ7.B7633 FISTK03847 06/04/2025 04/02/2025 3 11/04/2024 Books
    Dewey Decimal Classification     Juvenile Fiction Footprints International School Library Network Toul Kork Campus Footprints International School Library Network Toul Kork Campus TK Primary Library Room(4th Floor), Bookcase 7, Shelves 57-60, Dark Green Books 05/02/2025   BRI 813.54 PZ7.B7633 FISBK072070 05/02/2025   4 05/02/2025 Books
    Dewey Decimal Classification     Juvenile Fiction Footprints International School Library Network Toul Kork Campus Footprints International School Library Network Toul Kork Campus TK Primary Library Room(4th Floor), Bookcase 7, Shelves 57-60, Dark Green Books 07/10/2025   BRI 813.54 PZ7.B7633 FISTK03882 07/10/2025   5 07/10/2025 Books
    Dewey Decimal Classification     Juvenile Fiction Footprints International School Library Network Toul Tom Poung Campus Footprints International School Library Network Toul Tom Poung Campus TTP Primary Green Bookshelves 01/23/2024 2 BRI 813.54 PZ7.B7633 FISBK05204 04/21/2025 04/07/2025 1 01/23/2024 Books
    Dewey Decimal Classification     Juvenile Fiction Footprints International School Library Network Toul Tom Poung Campus Footprints International School Library Network Toul Tom Poung Campus TTP Primary Green Bookshelves 01/23/2024 1 BRI 813.54 PZ7.B7633 FISTK03846 02/26/2024 02/19/2024 2 01/23/2024 Books
    Dewey Decimal Classification     Juvenile Fiction Footprints International School Library Network Toul Tom Poung Campus Footprints International School Library Network Toul Tom Poung Campus TTP Primary Green Bookshelves 07/18/2025   BRI 813.54 PZ7.B7633 FIS02832 07/18/2025   6 07/18/2025 Books